Statistics for Michael Jackson's Dangerous songs album

Click here to take the quiz!

General Stats

  • This quiz has been taken 244 times
  • The average score is 11 of 14

Answer Stats

NumberSong% Correct
14Dangerous
97%
8Black Or White
86%
1Jam
85%
5Remember The Time
84%
7Heal The World
83%
9Who Is It
80%
3In The Closet
78%
2Why You Wanna Trip On Me
71%
11Will You Be There
71%
10Give In To Me
69%
13Gone Too Soon
64%
4She Drives Me Wild
64%
12Keep The Faith
62%
6Can't Let Her Get Away
59%

Score Distribution

Percentile by Number Answered

Percent of People with Each Score

Your Score History

You have not taken this quiz